lyrics to video games - lana del rey - Statistics

General Stats
  • This quiz has been taken 34 times
    33 since last reset
  • The average score is 281 of 349
Answer Stats
Answer % Correct
a
100%
i
100%
game
96%
video
96%
you
96%
all
92%
do
92%
ever
92%
everything
92%
for
92%
he
92%
is
92%
its
92%
on
92%
in
88%
me
88%
my
88%
play
88%
that
88%
the
88%
wanna
88%
with
88%
and
85%
now
85%
tell
85%
things
85%
time
85%
true
85%
up
85%
baby
81%
earth
81%
games
81%
go
81%
heaven
81%
here
81%
knew
81%
like
81%
over
81%
place
81%
your
81%
car
77%
even
77%
get
77%
im
77%
of
77%
say
77%
was
77%
bad
73%
fast
73%
girls
73%
his
73%
honey
73%
name
73%
swingin
73%
they
73%
backyard
69%
beer
69%
better
69%
open
69%
this
69%
two
69%
world
69%
heard
65%
if
65%
kiss
65%
loving
65%
playin
65%
pull
65%
somebody
65%
than
65%
watchin
65%
am
62%
big
62%
built
62%
favorite
62%
livin
62%
old
62%
only
62%
out
62%
stars
62%
take
62%
think
62%
undressed
62%
downtown
58%
living
58%
our
58%
perfume
58%
put
58%
sundress
58%
arms
54%
bestest
54%
body
54%
seeing
54%
swinging
54%
whistling
54%
worth
54%
drunk
50%
fun
50%
idea
50%
friends
46%
holds
46%
lean
46%
fall
42%
singin
42%
bars
38%
blue
38%
dark
38%
fame
38%
wild
35%
darts
31%
pool
31%
kissin
27%
pauls
23%
No matching quizzes found
Score Distribution
Percent of People with Each Score
Percentile by Number Answered
Your Score History
You have not taken this quiz since the last reset